000 00323nam a22001217a 4500
082 _a509
_bDON/A
100 _aDONALD, CRAEME
245 _aACCIDENTAL SCIENTIST
_b24 DISCOVERIES THAT CHANGED THE WORLD
260 _aDELHI
_bJAICO PUBLISHING HOUSE
300 _a224
650 _aSCIENCE RELATED DISCOVERIES
_zDELHI
942 _cBK
999 _c6900
_d6900